<?xml version="1.0" encoding="UTF-8"?>
<record
    xmlns:xsi="http://www.w3.org/2001/XMLSchema-instance"
    xsi:schemaLocation="http://www.loc.gov/MARC21/slim http://www.loc.gov/standards/marcxml/schema/MARC21slim.xsd"
    xmlns="http://www.loc.gov/MARC21/slim">

  <leader>01797nam a22001937a 4500</leader>
  <controlfield tag="005">20250404112429.0</controlfield>
  <controlfield tag="008">250331b        |||||||| |||| 00| 0 eng d</controlfield>
  <datafield tag="020" ind1=" " ind2=" ">
    <subfield code="a">9781603424684</subfield>
  </datafield>
  <datafield tag="041" ind1=" " ind2=" ">
    <subfield code="a">Eng</subfield>
  </datafield>
  <datafield tag="082" ind1=" " ind2=" ">
    <subfield code="a">746.1</subfield>
    <subfield code="b">CAL</subfield>
  </datafield>
  <datafield tag="100" ind1=" " ind2=" ">
    <subfield code="a">Callahan Gail</subfield>
    <subfield code="9">211803</subfield>
  </datafield>
  <datafield tag="245" ind1=" " ind2=" ">
    <subfield code="a">Hand Dyeing: Yarn &amp; Fleece Dip-Dyeing, Hand-Painting, Tie-Dyeing, and Other Creative Techniques</subfield>
  </datafield>
  <datafield tag="260" ind1=" " ind2=" ">
    <subfield code="a">China</subfield>
    <subfield code="b">Storey Publishing</subfield>
    <subfield code="c">2010</subfield>
  </datafield>
  <datafield tag="300" ind1=" " ind2=" ">
    <subfield code="a">168</subfield>
  </datafield>
  <datafield tag="365" ind1=" " ind2=" ">
    <subfield code="b">1287.65</subfield>
    <subfield code="c">Rs.00</subfield>
  </datafield>
  <datafield tag="520" ind1=" " ind2=" ">
    <subfield code="a">CHAPTER 1 YOUR DYE STUDIO. 
Setting up your studio ; Safety first ; Be environmentally responsible ; Organizing your supplies ; Heat sources
CHAPTER 2 FIBERS TO DYE FOR. 
What to expect from protein fibers ; The many elements that affect dye color ; Preparing fiber for the dyebath
CHAPTER 3 DYES TO TRY. 
Types of dyes ; Some dying warm ups ; Playing with grocery-store dyes ; Simple handpaint method : monochromatic
CHAPTER 4 COLOR POWER. 
Finding your color comfort zone ; Searching for a variant of the color wheel ; Tweaking your color combinations
CHAPTER 5 NO-FEAR DYEING. Simple handpaint method : multicolor ; Dipping for shades ; Dip-and-dye : multicolored ; Handpainting a silk cap ; Handpainting a wool roving ; An injection of color ; Dunkin' cones ; Basic immersion ; Half-and-half immersion dying ; Drip-paint-immersion combo ; Basic tie-dyeing ; Tip-dye/drip-dye combo ; 2-step immersion : monochrome ; 3-step immersion : multicolored ; Parking meter yarn ; Mozzarella-style dyeing ; Knit, dye, unknit, knit
CHAPTER 6 SHOW-OFF PATTERNS. Kangaroo Mittens, Rainbow-Dipped Baby Sweater, Infant Cardigan &amp; Ruffled Cap, Neck Ruffle, Slouchy Ballerina Leg Warmers, Lace Scarf, Guy&#x2019;s Ribbed Hat, Hidden Message Socks, Swathing Your Dyed Yarns

</subfield>
  </datafield>
  <datafield tag="650" ind1=" " ind2=" ">
    <subfield code="a">Dyeing</subfield>
    <subfield code="9">205363</subfield>
  </datafield>
  <datafield tag="942" ind1=" " ind2=" ">
    <subfield code="c">BK</subfield>
  </datafield>
  <datafield tag="999" ind1=" " ind2=" ">
    <subfield code="c">365832</subfield>
    <subfield code="d">365832</subfield>
  </datafield>
  <datafield tag="952" ind1=" " ind2=" ">
    <subfield code="0">0</subfield>
    <subfield code="1">0</subfield>
    <subfield code="2">ddc</subfield>
    <subfield code="4">0</subfield>
    <subfield code="7">0</subfield>
    <subfield code="a">SOFT</subfield>
    <subfield code="b">SOFT</subfield>
    <subfield code="d">2025-03-27</subfield>
    <subfield code="e">Design Book Studio</subfield>
    <subfield code="g">1287.65</subfield>
    <subfield code="i">539</subfield>
    <subfield code="o">746.1 CAL</subfield>
    <subfield code="p">SOFT-BK-4400</subfield>
    <subfield code="r">2025-03-31 00:00:00</subfield>
    <subfield code="t">25%</subfield>
    <subfield code="v">1716.87</subfield>
    <subfield code="w">2025-03-18</subfield>
    <subfield code="y">BK</subfield>
  </datafield>
</record>
